00409nam a2200121Ia 4500008004100000020002200041100002900063245009700092260002900189300002600218650001600244650002700260200924s9999 xx 000 0 und d a978-621-8070-42-4 aCabigan, Ma. Victoria A. cMa. Victoria A. Cabigan, Mary Jane D. Fuentes, Ernesto Thaddeus SolmeranoaRe-reading Rizal/ aManila:bFastbooksc2019 axx, 444 pagesc25 cm. aPhilippines aRizal, Jose, 1861-1896